000 01176nam a22002897a 4500
005 20170712102817.0
010 _a1516EN07 ENG-114740
020 _a9789332550278
_c450.00
020 _a9789332550278
_c529.00 (AV)
035 _aEN-98272
035 _aB-613489-511
035 _aB-667991
037 _aDPL
_bTechniz/Ven
037 _bDBAD/PUB
082 _a306
100 _aMiller, Barbara D.
245 _aCultural anthropology /
_cby Barbara D.Miller
250 _a6th ed
260 _aNoida
_bPearson Education
_c2015
270 _a7th Floor, Knowledge Boulevard, A-8(A) Sector-62
_bNoida
_e201309
300 _axxi,428p. :
_c27cm(pbk)
_bill.
500 _aIncludes bibliographical references and index
650 _a Ethnology.
942 _2ddc
_cEN
_mMIL
_h306
999 _c95995
_d95995